000 00548nam a2200193 i 4500
001 25032
003 ES-MaACL
005 20230906153201.0
007 t|
008 021220s1962 sp ||||1| spa d
245 0 0 _aAntología venezolana
_b: (prosa) /
_cJosé Ramón Medina.
260 _aMadrid :
_bGredos,
_c[1962]
300 _a331 p. ;
_c22 cm.
490 1 _aAntología hispánica
700 1 _aMedina, José Ramón.
_979701
830 0 _aAntología hispánica
_9180953
852 _aES-MaACL
_jC-22242
_bR.50871
999 _c25032
_d25032